ბათუმის შოთა რუსთაველის სახელმწიფო უნივერსიტეტის ბიბლიოთეკა

Алгоритмы.Введение в разработку и анализ (ბიბ.ჩანაწერი № 36342)

000 -LEADER
fixed length control field 00476nam a2200193Ia 4500
001 - CONTROL NUMBER
control field 2251
003 - CONTROL NUMBER IDENTIFIER
control field GE_BSU
008 - FIXED-LENGTH DATA ELEMENTS--GENERAL INFORMATION
fixed length control field 181216s||||||||xx |||||||||||||| ||und||
040 ## - CATALOGING SOURCE
Transcribing agency GE_BSU
080 ## - UNIVERSAL DECIMAL CLASSIFICATION NUMBER
Universal Decimal Classification number 510.5
100 ## - MAIN ENTRY--PERSONAL NAME
Personal name Левитин,Анатолий
245 ## - TITLE STATEMENT
Title Алгоритмы.Введение в разработку и анализ
260 ## - PUBLICATION, DISTRIBUTION, ETC.
Place of publication, distribution, etc. СПБ
260 ## - PUBLICATION, DISTRIBUTION, ETC.
Date of publication, distribution, etc. 2006
300 ## - PHYSICAL DESCRIPTION
Extent 574стр.
653 ## - INDEX TERM--UNCONTROLLED
Uncontrolled term Алгоритмы
942 ## - ADDED ENTRY ELEMENTS (KOHA)
Koha item type წიგნი
ეგზემპლარები
Withdrawn status Lost status Damaged status Not for loan Date acquired Barcode Date last seen Price effective from Koha item type Public note
        2018-12-17 4116 2018-12-17 2018-12-17 წიგნი დარბაზი
        2018-12-17 4117 2018-12-17 2018-12-17 წიგნი დარბაზი
        2018-12-17 4118 2018-12-17 2018-12-17 წიგნი საცავი